Polskie miasta na zdjęciach - Statystyki

Ogólne statystyki
  • Ten quiz został rozwiązany 57 razy
  • Średni wynik to 13 z 16
Statystyki odpowiedzi
Obrazkowy Odpowiedź % Poprawnych
Warszawa
100%
Gdańsk
98%
Kraków
98%
Poznań
94%
Wrocław
92%
Szczecin
90%
Bydgoszcz
85%
Toruń
83%
Lublin
79%
Białystok
71%
Łódź
69%
Opole
69%
Rzeszów
69%
Katowice
67%
Olsztyn
58%
Zielona Góra
58%
Nie znaleziono quizów pasujących do podanych kryteriów
Rozkład punktacji
Procent ludzi z każdym wynikiem
Percentyl według liczby udzielonych odpowiedzi
Twoja historia wyników
Nie rozwiązałeś tego quizu